| Tag |
First Indicator |
Second Indicator |
Subfields |
| LEADER |
00000cas a2200000 a 4500 |
| 001 |
in00002544331 |
| 005 |
20151113133743.0 |
| 006 |
m d |
| 007 |
cr bu||||||||| |
| 008 |
070730c200u9999ru qr pss b 0 0eng c |
| 010 |
|
|
|a 2008262289
|
| 016 |
7 |
|
|a 2390996-1
|2 GyBeDBIZ
|
| 022 |
|
|
|a 1990-3421
|l 1990-3413
|y 1990-3413
|
| 029 |
1 |
|
|a NZ1
|b 13112530
|
| 029 |
1 |
|
|a AU@
|b 000044913858
|
| 029 |
1 |
|
|a AU@
|b 000042940502
|
| 029 |
1 |
|
|a HEBIS
|b 191206113
|
| 035 |
|
|
|a (OCoLC)ocn218457186
|
| 035 |
|
|
|a (OCoLC)159933196
|
| 035 |
|
|
|a (OCoLC)218457186
|
| 040 |
|
|
|a CGU
|b eng
|c CGU
|d CGU
|d IUL
|d OCLCQ
|d HEBIS
|d TXA
|d UtOrBLW
|
| 042 |
|
|
|a pcc
|
| 049 |
|
|
|a TXAM
|
| 050 |
1 |
4 |
|a QB460
|b .A788 Electronic
|
| 245 |
0 |
0 |
|a Astrophysical bulletin.
|
| 264 |
|
1 |
|a Moscow, Russia :
|b MAIK/"Nauka/Interperiodica" ;
|a Moscow, Russia :
|b MAIK/"Nauk/Interperiodica", Tortola, BVI :
|b Pleiades Pub., LTD.
|
| 310 |
|
|
|a Quarterly
|
| 336 |
|
|
|a text
|b txt
|2 rdacontent
|
| 337 |
|
|
|a computer
|b c
|2 rdamedia
|
| 338 |
|
|
|a online resource
|b cr
|2 rdacarrier
|
| 500 |
|
|
|a Description based on: Volume 62, number 1 (2007); title from PDF running title (Springer-Verlag Web site, viewed on Apr. 3, 2008).
|
| 500 |
|
|
|a Latest issue consulted: Volume 63, number 4 (2008) (viewed Jan. 14, 2009).
|
| 500 |
|
|
|a Description based on: volume 62, number 1 (Jan.-Mar. 2007); title from cover.
|
| 500 |
|
|
|a Latest issue consulted: volume 62, number 2 (Apr.-June 2007).
|
| 504 |
|
|
|a Includes bibliographical references.
|
| 500 |
|
|
|a Electronic resource.
|
| 650 |
|
0 |
|a Astrophysics
|v Periodicals.
|
| 710 |
2 |
|
|6 880-01
|a Spet͡sialʹnai͡a astrofizicheskai͡a observatorii͡a (Rossiĭskai͡a akademii͡a nauk)
|
| 730 |
0 |
|
|6 880-02
|a Astrofizicheskiĭ bi︠u︡lletenʹ.
|l English.
|
| 765 |
0 |
|
|6 880-03
|t Astrofizicheskiĭ bi︠u︡lleten'.
|
| 776 |
0 |
8 |
|i Print version:
|t Astrophysical bulletin
|x 1990-3413
|w (OCoLC)159933196
|
| 780 |
0 |
0 |
|t Bulletin of the Special Astrophysical Observatory RAS
|w (OCoLC)176632115
|
| 880 |
2 |
|
|6 710-01
|a Специальная астрофизическая обсерватория (Rossiĭskai︠a︡ akademii︠a︡ nauk)
|
| 880 |
0 |
|
|6 730-02
|a Астрофизический бюллетень.
|l English.
|
| 880 |
0 |
|
|6 765-03
|t Астрофизический бюллетен'.
|
| 948 |
|
|
|a cataloged
|b h
|c 2010/6/3
|d c
|e spoltoratski
|f 2:48:48 pm
|
| 994 |
|
|
|a C0
|b TXA
|
| 999 |
|
|
|a MARS
|
| 999 |
f |
f |
|s c63c0f41-5cc4-3118-b086-d15a248e9818
|i d9644d15-ede7-31fe-83e6-31c2d9e2629c
|t 0
|
| 952 |
f |
f |
|a Texas A&M University
|b College Station
|c Electronic Resources
|d Available Online
|t 0
|e QB460 .A788
|g Electronic
|h Library of Congress classification
|
| 998 |
f |
f |
|a QB460 .A788
|t 0
|l Available Online
|